[Event "6. Hradec Kralove Open 2015"]
[Site "Hradec Kralove CZE"]
[Date "2015.10.09"]
[Round "7.3"]
[White "Golcman, Evgeny"]
[Black "Korpalski, Maciej"]
[Result "1-0"]
[WhiteElo "2164"]
[BlackElo "1983"]
[PlyCount "97"]
[EventDate "2015.10.04"]
[EventType "swiss"]
[EventRounds "9"]
[EventCountry "CZE"]
[Source "lmi"]
[SourceDate "2015.10.04"]

1. c4 Nf6 2. Nc3 g6 3. e4 d6 4. d4 Bg7 5. f4 O-O 6. Nf3 c5 7. d5 e5 8. dxe6
Bxe6 9. Bd3 a6 10. a4 Nc6 11. O-O Nb4 12. f5 Bd7 13. Bg5 Qb6 14. a5 Qc7 15. Ra3
Rae8 16. Bb1 Bc6 17. Bf4 Rd8 18. Qd2 Rfe8 19. fxg6 fxg6 20. Re1 Qf7 21. Nd5
Bxd5 22. cxd5 Ng4 23. h3 Ne5 24. Ng5 Qf6 25. Bxe5 Qxe5 26. Ne6 Qxb2 27. Qxb2
Bxb2 28. Rb3 Rxe6 29. dxe6 Bd4+ 30. Kh1 Re8 31. Rd1 Be5 32. Bd3 Nxd3 33. Rbxd3
c4 34. Ra3 Rxe6 35. Ra4 c3 36. Rc4 Re7 37. Kg1 Rf7 38. Rd3 Kg7 39. Rf3 Re7 40.
Kf2 Bf6 41. Rd3 Rf7 42. Ke2 Be5 43. Rf3 Rd7 44. Rd3 Rf7 45. Rf3 Rd7 46. h4 d5
47. Rd3 dxc4 48. Rxd7+ Kh6 49. g4 1-0

[Event "6. Hradec Kralove Open 2015"]
[Site "Hradec Kralove CZE"]
[Date "2015.10.09"]
[Round "7.4"]
[White "Kozusek, Daniel"]
[Black "Holownia, Michal"]
[Result "1-0"]
[WhiteElo "2279"]
[BlackElo "1911"]
[PlyCount "49"]
[EventDate "2015.10.04"]
[EventType "swiss"]
[EventRounds "9"]
[EventCountry "CZE"]
[Source "lmi"]
[SourceDate "2015.10.04"]

1. Nf3 Nf6 2. c4 c5 3. Nc3 Nc6 4. d4 cxd4 5. Nxd4 e6 6. Ndb5 Bb4 7. Bf4 e5 8.
Bg5 O-O 9. a3 Bc5 10. e3 Be7 11. Nd6 h6 12. Bxf6 Bxf6 13. Bd3 g6 14. O-O Be7
15. Bc2 b6 16. b4 a5 17. b5 Na7 18. Bxg6 Rb8 19. Bf5 Bb7 20. Qg4+ Kh8 21. Qh5
Kg7 22. Nxb7 Rxb7 23. Be4 Rb8 24. Qg4+ Kh8 25. Qf5 1-0

[Event "6. Hradec Kralove Open 2015"]
[Site "Hradec Kralove CZE"]
[Date "2015.10.09"]
[Round "7.5"]
[White "Mikalsen, Erlend"]
[Black "Paldus, Petr"]
[Result "1-0"]
[WhiteElo "2358"]
[BlackElo "2033"]
[PlyCount "59"]
[EventDate "2015.10.04"]
[EventType "swiss"]
[EventRounds "9"]
[EventCountry "CZE"]
[Source "lmi"]
[SourceDate "2015.10.04"]

1. e4 Nf6 2. e5 Nd5 3. c4 Nb6 4. d4 d6 5. f4 Bf5 6. Nc3 g5 7. Nf3 Nc6 8. d5 Nb4
9. Nd4 Bg6 10. a3 c5 11. axb4 cxd4 12. Qxd4 Bg7 13. c5 Nd7 14. Bb5 O-O 15. Bxd7
Qxd7 16. O-O Qg4 17. Be3 gxf4 18. Qxf4 Qxf4 19. Bxf4 dxe5 20. Bg5 f6 21. Be3 f5
22. c6 b6 23. Bg5 Rfe8 24. Nb5 e4 25. Nc7 Bxb2 26. Nxa8 Bxa1 27. Rxa1 Rxa8 28.
Bxe7 f4 29. d6 Kf7 30. Bh4 1-0

[Event "6. Hradec Kralove Open 2015"]
[Site "Hradec Kralove CZE"]
[Date "2015.10.09"]
[Round "7.6"]
[White "Burnett, Andrew"]
[Black "Saikrishnan, Sai"]
[Result "1-0"]
[WhiteElo "2228"]
[BlackElo "2005"]
[PlyCount "111"]
[EventDate "2015.10.04"]
[EventType "swiss"]
[EventRounds "9"]
[EventCountry "CZE"]
[Source "lmi"]
[SourceDate "2015.10.04"]

1. c4 f5 2. b3 Nf6 3. Bb2 e6 4. g3 d5 5. Bg2 Bd6 6. Nf3 O-O 7. O-O c6 8. d3 Qe8
9. Nbd2 Qh5 10. e4 fxe4 11. dxe4 dxe4 12. Nxe4 Nxe4 13. Qd4 e5 14. Qxe4 Bf5 15.
Qh4 Qxh4 16. Nxh4 Bg4 17. h3 Be6 18. Rad1 Bc7 19. g4 Nd7 20. Nf3 Rad8 21. Ng5
Bf7 22. Ba3 Rfe8 23. Ne4 Bg6 24. Bd6 Bb6 25. b4 Bd4 26. Bc7 Bxe4 27. Bxe4 Rc8
28. Bxe5 Bxe5 29. Rxd7 Bc3 30. Bf5 g6 31. Rd3 gxf5 32. Rxc3 fxg4 33. Rd1 Rcd8
34. Rxd8 Rxd8 35. hxg4 Rd2 36. Kg2 Rxa2 37. Rd3 Rc2 38. Rd4 b6 39. Kg3 a5 40.
bxa5 bxa5 41. Rd8+ Kg7 42. Ra8 Rxc4 43. Rxa5 Kg6 44. f4 h6 45. Re5 Rc1 46. Re6+
Kg7 47. f5 Rg1+ 48. Kf4 Rf1+ 49. Ke5 c5 50. Re7+ Kg8 51. g5 hxg5 52. Kf6 Ra1
53. Kg6 Ra8 54. f6 c4 55. Rg7+ Kf8 56. Rh7 1-0

[Event "6. Hradec Kralove Open 2015"]
[Site "Hradec Kralove CZE"]
[Date "2015.10.09"]
[Round "7.7"]
[White "Romanov, Sergey"]
[Black "Gromczak, Dariusz"]
[Result "1/2-1/2"]
[WhiteElo "2036"]
[BlackElo "2009"]
[PlyCount "93"]
[EventDate "2015.10.04"]
[EventType "swiss"]
[EventRounds "9"]
[EventCountry "CZE"]
[Source "lmi"]
[SourceDate "2015.10.04"]

1. e4 c5 2. Nf3 e6 3. d4 cxd4 4. Nxd4 Nc6 5. Nc3 Qc7 6. Be2 a6 7. a3 b5 8. O-O
Bb7 9. Kh1 Nf6 10. f4 Nxd4 11. Qxd4 Bc5 12. Qd3 d6 13. Bf3 O-O 14. Bd2 Rad8 15.
Rad1 d5 16. e5 Ne4 17. Be1 b4 18. axb4 Bxb4 19. Nb5 Qa5 20. Bxb4 Qxb4 21. Bxe4
Qxe4 22. Qxe4 dxe4 23. Nd6 Bc6 24. Rfe1 f5 25. Kg1 a5 26. b3 Ra8 27. Ra1 Rfb8
28. Reb1 h6 29. Ra3 g5 30. g3 gxf4 31. gxf4 Kh7 32. Kf2 Rg8 33. c3 Rg4 34. Ke3
Rh4 35. b4 Rh3+ 36. Kd4 Rd3+ 37. Kc5 axb4 38. Rxa8 Bxa8 39. cxb4 e3 40. Kc4 Rd2
41. Kc3 Ra2 42. Re1 e2 43. Kd3 Bf3 44. Ke3 Ra3+ 45. Kf2 Rb3 46. b5 Be4 47. Rxe2
1/2-1/2

[Event "6. Hradec Kralove Open 2015"]
[Site "Hradec Kralove CZE"]
[Date "2015.10.09"]
[Round "7.9"]
[White "Bartos, Jan"]
[Black "Dumkova, Daniela"]
[Result "1-0"]
[WhiteElo "2250"]
[BlackElo "1906"]
[PlyCount "103"]
[EventDate "2015.10.04"]
[EventType "swiss"]
[EventRounds "9"]
[EventCountry "CZE"]
[Source "lmi"]
[SourceDate "2015.10.04"]

1. d4 Nf6 2. c4 e6 3. Nc3 Bb4 4. Qc2 c5 5. dxc5 Bxc5 6. Nf3 Nc6 7. Bf4 Nh5 8.
Bg5 Be7 9. Bxe7 Qxe7 10. e3 a6 11. Be2 d6 12. O-O Nf6 13. Rfd1 O-O 14. Rd2 Rd8
15. Rad1 b6 16. Ng5 Bb7 17. Qb3 Qc7 18. Na4 h6 19. Nf3 b5 20. cxb5 axb5 21.
Bxb5 Ba6 22. Bxa6 Rxa6 23. Qc2 Qa5 24. b3 d5 25. Rc1 Ne4 26. Re2 Rda8 27. Ne1
Qb5 28. Qd3 Qa5 29. f3 Nb4 30. Qd1 Nf6 31. Qd2 Nc6 32. Qxa5 Nxa5 33. Rec2 Nd7
34. Nd3 R6a7 35. Rc8+ Rxc8 36. Rxc8+ Kh7 37. Kf2 Kg6 38. Ke2 f5 39. Nc3 Kf6 40.
Nb5 Rb7 41. Nd4 e5 42. Nc6 Nxc6 43. Rxc6+ Ke7 44. Rg6 Kf7 45. Rd6 e4 46. Rxd7+
Rxd7 47. Ne5+ Ke7 48. Nxd7 Kxd7 49. f4 Kc6 50. Kd2 g5 51. g3 gxf4 52. gxf4 1-0

[Event "6. Hradec Kralove Open 2015"]
[Site "Hradec Kralove CZE"]
[Date "2015.10.09"]
[Round "7.10"]
[White "Kuba, Stanislav"]
[Black "Sernecki, Franciszek"]
[Result "1/2-1/2"]
[WhiteElo "2148"]
[BlackElo "1899"]
[PlyCount "55"]
[EventDate "2015.10.04"]
[EventType "swiss"]
[EventRounds "9"]
[EventCountry "CZE"]
[Source "lmi"]
[SourceDate "2015.10.04"]

1. g3 d5 2. Nf3 c5 3. c3 Nc6 4. d4 e6 5. Bg2 Nf6 6. O-O Bd6 7. dxc5 Bxc5 8. Bf4
O-O 9. Nbd2 Qe7 10. b4 Bb6 11. Nb3 Rd8 12. a4 Bc7 13. Bxc7 Qxc7 14. Nfd4 Ne5
15. Nb5 Qb8 16. f4 Nc4 17. Qc1 a6 18. Na3 Nxa3 19. Rxa3 Qc7 20. Nd4 Bd7 21. Qe3
Rac8 22. Bf3 Ne8 23. a5 Nd6 24. Qc1 Nc4 25. Ra2 Nd6 26. Ra3 Nc4 27. Ra2 Nd6 28.
Ra3 1/2-1/2

[Event "6. Hradec Kralove Open 2015"]
[Site "Hradec Kralove CZE"]
[Date "2015.10.09"]
[Round "7.11"]
[White "Kapusta, Petr"]
[Black "Tsapanidis, Vasilis"]
[Result "1-0"]
[WhiteElo "2098"]
[BlackElo "1821"]
[PlyCount "29"]
[EventDate "2015.10.04"]
[EventType "swiss"]
[EventRounds "9"]
[EventCountry "CZE"]
[Source "lmi"]
[SourceDate "2015.10.04"]

1. e4 c5 2. Nf3 Nc6 3. d4 cxd4 4. Nxd4 Nf6 5. Nc3 g6 6. Nxc6 bxc6 7. e5 Nh5 8.
Bc4 Qa5 9. Qd4 e6 10. Be3 Ba6 11. O-O-O Rd8 12. Qxa7 Qxe5 13. Bxa6 Bg7 14. Qc5
Qc7 15. Nb5 1-0

[Event "6. Hradec Kralove Open 2015"]
[Site "Hradec Kralove CZE"]
[Date "2015.10.09"]
[Round "7.12"]
[White "Ludvik, Tomas"]
[Black "Pribylova, Sofie"]
[Result "0-1"]
[WhiteElo "1944"]
[BlackElo "1841"]
[PlyCount "68"]
[EventDate "2015.10.04"]
[EventType "swiss"]
[EventRounds "9"]
[EventCountry "CZE"]
[Source "lmi"]
[SourceDate "2015.10.04"]

1. d4 Nf6 2. c4 g6 3. Nf3 Bg7 4. Nc3 d5 5. cxd5 Nxd5 6. e4 Nxc3 7. bxc3 c5 8.
Rb1 Nc6 9. d5 Ne5 10. Nxe5 Bxe5 11. Qd2 O-O 12. Be2 Qa5 13. Rb3 e6 14. f4 Bg7
15. O-O exd5 16. exd5 c4 17. Rb4 Qc5+ 18. Kh1 Rd8 19. Rd1 b5 20. a4 a6 21. Bf3
Bb7 22. Ba3 Qb6 23. Rdb1 Bf8 24. axb5 Bxb4 25. cxb4 axb5 26. Bb2 f6 27. Qc3
Bxd5 28. Bg4 Qc6 29. Qxf6 Bxg2+ 30. Kg1 Qxf6 31. Bxf6 Rd6 32. Be5 Rd2 33. Re1
Bd5 34. Bd6 Rg2+ 0-1

[Event "6. Hradec Kralove Open 2015"]
[Site "Hradec Kralove CZE"]
[Date "2015.10.09"]
[Round "7.13"]
[White "Nosek, Jan"]
[Black "Skorna, Ullrich"]
[Result "1-0"]
[WhiteElo "1792"]
[BlackElo "2123"]
[PlyCount "95"]
[EventDate "2015.10.04"]
[EventType "swiss"]
[EventRounds "9"]
[EventCountry "CZE"]
[Source "lmi"]
[SourceDate "2015.10.04"]

1. e4 e6 2. d4 d5 3. Nd2 Nc6 4. Ngf3 Nf6 5. e5 Nd7 6. c3 f6 7. Bd3 fxe5 8. Nxe5
Ndxe5 9. dxe5 Nxe5 10. Qh5+ Nf7 11. Bxh7 Qf6 12. Nf3 e5 13. O-O e4 14. Ng5 Rxh7
15. Nxh7 Qf5 16. Qxf5 Bxf5 17. Nxf8 Kxf8 18. Bf4 c6 19. f3 Kg8 20. Rfe1 g5 21.
Bg3 Kg7 22. Rad1 Kf6 23. c4 dxc4 24. fxe4 Be6 25. Rf1+ Kg7 26. h4 g4 27. Bf4 b5
28. Bd2 c5 29. Bc3+ Kg8 30. Rf6 Re8 31. Rg6+ Kh7 32. Rg7+ Kh6 33. a3 a5 34. Rf1
b4 35. Rf6+ Kxg7 36. Rxe6+ Kf8 37. Bg7+ Kxg7 38. Rxe8 Nd6 39. Re5 c3 40. bxc3
bxa3 41. Rxc5 Nb7 42. Rc4 Nd6 43. Ra4 Nb5 44. Rxa5 Nxc3 45. Rxa3 Nxe4 46. Ra4
Nf6 47. Kh2 Kg6 48. Kg3 1-0

[Event "6. Hradec Kralove Open 2015"]
[Site "Hradec Kralove CZE"]
[Date "2015.10.09"]
[Round "7.14"]
[White "Sedlacek, Jan"]
[Black "Vit, Jakub"]
[Result "0-1"]
[WhiteElo "1920"]
[BlackElo "1705"]
[PlyCount "58"]
[EventDate "2015.10.04"]
[EventType "swiss"]
[EventRounds "9"]
[EventCountry "CZE"]
[Source "lmi"]
[SourceDate "2015.10.04"]

1. e4 c5 2. d3 d6 3. g3 Nf6 4. Bg2 g6 5. Ne2 Bg7 6. O-O O-O 7. h3 Nc6 8. f4 Qb6
9. Kh2 Bd7 10. Nd2 Rac8 11. c3 Qc7 12. Nf3 b5 13. Qc2 a5 14. Be3 b4 15. Nh4 Rb8
16. Qd2 a4 17. d4 Na5 18. Qc1 Nc4 19. Bg1 bxc3 20. Qxc3 Rxb2 21. e5 cxd4 22.
Bxd4 Rxe2 23. exf6 Bxf6 24. Bxf6 exf6 25. Rac1 Rc8 26. Qxf6 Qb6 27. f5 d5 28.
fxg6 Qxf6 29. Rxf6 hxg6 0-1

[Event "6. Hradec Kralove Open 2015"]
[Site "Hradec Kralove CZE"]
[Date "2015.10.09"]
[Round "7.15"]
[White "Kocour, Zdenek"]
[Black "Svec, Ludek"]
[Result "1-0"]
[WhiteElo "1834"]
[BlackElo "1687"]
[PlyCount "53"]
[EventDate "2015.10.04"]
[EventType "swiss"]
[EventRounds "9"]
[EventCountry "CZE"]
[Source "lmi"]
[SourceDate "2015.10.04"]

1. c4 Nf6 2. Nc3 e6 3. g3 d5 4. Bg2 d4 5. Ne4 Nxe4 6. Bxe4 e5 7. b3 Nd7 8. d3
Be7 9. Bd2 O-O 10. Bg2 Nc5 11. Qc2 a5 12. Nf3 e4 13. dxe4 d3 14. exd3 Nxd3+ 15.
Ke2 Nb4 16. Bxb4 Bxb4 17. Rhd1 Qe7 18. Kf1 Bg4 19. h3 Bxf3 20. Bxf3 Qf6 21. Kg2
c6 22. c5 Qe5 23. Rac1 Rad8 24. a3 Rxd1 25. Bxd1 Bxc5 26. Qxc5 Qb2 27. Qc3 1-0

[Event "6. Hradec Kralove Open 2015"]
[Site "Hradec Kralove CZE"]
[Date "2015.10.09"]
[Round "7.16"]
[White "Kral, Ladislav"]
[Black "Pribyl, Viktor"]
[Result "0-1"]
[WhiteElo "1640"]
[BlackElo "1833"]
[PlyCount "48"]
[EventDate "2015.10.04"]
[EventType "swiss"]
[EventRounds "9"]
[EventCountry "CZE"]
[Source "lmi"]
[SourceDate "2015.10.04"]

1. e4 c5 2. Nf3 d6 3. d4 cxd4 4. Nxd4 Nf6 5. Nc3 a6 6. Be2 e6 7. O-O Be7 8. Be3
O-O 9. Qd2 Qc7 10. f4 b5 11. a3 Bb7 12. Bf3 Nbd7 13. Rad1 Nb6 14. b3 Rac8 15.
Nde2 Nbd7 16. g4 Nc5 17. e5 dxe5 18. Bxb7 Nxb7 19. fxe5 Qxe5 20. Bd4 Bc5 21.
Kh1 Bxd4 22. Nxd4 Qc5 23. Nde2 Nxg4 24. Qd4 Ne3 0-1

[Event "6. Hradec Kralove Open 2015"]
[Site "Hradec Kralove CZE"]
[Date "2015.10.09"]
[Round "7.17"]
[White "Tobiskova, Petra"]
[Black "Vitova, Anna"]
[Result "0-1"]
[WhiteElo "1823"]
[BlackElo "1638"]
[PlyCount "80"]
[EventDate "2015.10.04"]
[EventType "swiss"]
[EventRounds "9"]
[EventCountry "CZE"]
[Source "lmi"]
[SourceDate "2015.10.04"]

1. e4 c5 2. c4 e6 3. Nc3 b6 4. g3 Bb7 5. Bg2 Nf6 6. d3 d5 7. e5 Nfd7 8. f4 Nc6
9. cxd5 Nb4 10. Nf3 Nxd5 11. Nxd5 Bxd5 12. b3 b5 13. O-O Be7 14. Be3 O-O 15.
Qd2 Rc8 16. Rac1 Nb6 17. Qa5 Bxf3 18. Rxf3 Qxd3 19. Qxa7 Nd5 20. Re1 Ra8 21.
Qb7 Rfb8 22. Qd7 Qc3 23. Bf2 Qa5 24. Rd3 Ra7 25. Qc6 Nb4 26. Qe4 Nxd3 27. Qxd3
Qxa2 28. Rd1 c4 29. Qf3 Rc7 30. f5 exf5 31. Qxf5 Qxb3 32. Rf1 c3 33. Be4 g6 34.
Qf3 Qe6 35. Bd4 c2 36. Bd5 Qf5 37. Bxf7+ Kg7 38. e6+ Kf8 39. Qxf5 gxf5 40. Be3
Bc5 0-1

[Event "6. Hradec Kralove Open 2015"]
[Site "Hradec Kralove CZE"]
[Date "2015.10.09"]
[Round "7.18"]
[White "Vochozka, Jindrich"]
[Black "Koci, Tereza"]
[Result "1-0"]
[WhiteElo "1778"]
[BlackElo "1637"]
[PlyCount "37"]
[EventDate "2015.10.04"]
[EventType "swiss"]
[EventRounds "9"]
[EventCountry "CZE"]
[Source "lmi"]
[SourceDate "2015.10.04"]

1. d4 f5 2. g3 g6 3. c4 Bg7 4. Nc3 Nf6 5. Bg2 c6 6. Bf4 d6 7. Nf3 O-O 8. Qd2
Qe8 9. h3 Nbd7 10. Bh6 e5 11. Bxg7 Kxg7 12. dxe5 dxe5 13. O-O e4 14. Nd4 Ne5
15. b3 Be6 16. f3 Rd8 17. fxe4 Nxe4 18. Nxe4 fxe4 19. Rxf8 1-0

[Event "6. Hradec Kralove Open 2015"]
[Site "Hradec Kralove CZE"]
[Date "2015.10.09"]
[Round "7.20"]
[White "Kvapil, Pavel"]
[Black "Kysilko, Jaroslav"]
[Result "1-0"]
[WhiteElo "1549"]
[BlackElo "1488"]
[PlyCount "39"]
[EventDate "2015.10.04"]
[EventType "swiss"]
[EventRounds "9"]
[EventCountry "CZE"]
[Source "lmi"]
[SourceDate "2015.10.04"]

1. e4 c5 2. Nf3 d6 3. d4 cxd4 4. Nxd4 Nf6 5. Nc3 e5 6. Nf3 Bg4 7. Be2 Be7 8.
O-O Bxf3 9. Bxf3 O-O 10. Be3 a6 11. Nd5 Nbd7 12. c4 Rc8 13. b3 Nc5 14. Nc3 a5
15. Qe2 Rc6 16. Rfd1 Qb8 17. Bg5 h6 18. Be3 Nfd7 19. Nd5 Nf6 20. Nxe7+ 1-0

[Event "6. Hradec Kralove Open 2015"]
[Site "Hradec Kralove CZE"]
[Date "2015.10.10"]
[Round "8.1"]
[White "Urkedal, Frode"]
[Black "Golcman, Evgeny"]
[Result "1/2-1/2"]
[WhiteElo "2504"]
[BlackElo "2164"]
[PlyCount "127"]
[EventDate "2015.10.04"]
[EventType "swiss"]
[EventRounds "9"]
[EventCountry "CZE"]
[Source "lmi"]
[SourceDate "2015.10.04"]

1. d4 d5 2. c4 c6 3. Nc3 Nf6 4. e3 e6 5. Nf3 Be7 6. Bd3 O-O 7. O-O dxc4 8. Bxc4
c5 9. dxc5 Qxd1 10. Rxd1 Bxc5 11. a3 Nc6 12. b4 Be7 13. Bb2 Bd7 14. Ne4 Rfd8
15. Nd6 Rab8 16. Ng5 Be8 17. Nxe8 Nxe8 18. Ne4 Nf6 19. Nc3 Rbc8 20. Be2 Kf8 21.
f4 Rxd1+ 22. Rxd1 Rd8 23. Kf2 h6 24. Rxd8+ Bxd8 25. Bf3 Ke8 26. Na4 Be7 27. e4
Kd7 28. Ke3 Ne8 29. g3 g6 30. Kd3 h5 31. Bc1 Nc7 32. Nc3 a6 33. Na4 a5 34. Nb6+
Kd8 35. bxa5 Nxa5 36. f5 Nc6 37. Bb2 Bc5 38. Nc4 Bg1 39. Bf6+ Kd7 40. fxg6 fxg6
41. h3 Bh2 42. Bh4 b5 43. Nd2 Ne5+ 44. Ke2 Bg1 45. Bg2 Bc5 46. Bf6 Kd6 47. Bg7
Ne8 48. Bh6 Nf6 49. a4 Kc6 50. a5 b4 51. Nb3 Nfd7 52. Bf1 Ba7 53. Bf4 Nc4 54.
h4 e5 55. Bg5 Nc5 56. Nxc5 Bxc5 57. a6 b3 58. Kd3 b2 59. Kc2 Ne3+ 60. Bxe3 Bxe3
61. Bc4 Bf2 62. Bf7 Bxg3 63. Bxg6 Kb6 64. Kxb2 1/2-1/2

[Event "6. Hradec Kralove Open 2015"]
[Site "Hradec Kralove CZE"]
[Date "2015.10.10"]
[Round "8.2"]
[White "Mikalsen, Erlend"]
[Black "Pulpan, Jakub"]
[Result "1/2-1/2"]
[WhiteElo "2358"]
[BlackElo "2306"]
[PlyCount "62"]
[EventDate "2015.10.04"]
[EventType "swiss"]
[EventRounds "9"]
[EventCountry "CZE"]
[Source "lmi"]
[SourceDate "2015.10.04"]

1. e4 c5 2. Nf3 d6 3. d4 cxd4 4. Nxd4 Nf6 5. Nc3 Nc6 6. Bg5 Bd7 7. Qd2 Rc8 8.
O-O-O Nxd4 9. Qxd4 Qa5 10. f4 Rxc3 11. bxc3 e5 12. Qd3 Ng4 13. Qg3 h6 14. Be2
hxg5 15. fxg5 Nxh2 16. Bc4 g6 17. Bb3 Bg4 18. Rd5 Qa3+ 19. Kb1 Be6 20. Rdd1 Bg4
21. Rde1 a5 22. Bd5 Be7 23. Ref1 Be6 24. Rxh2 Rxh2 25. Qxh2 Qxc3 26. Qh8+ Kd7
27. Rf3 Qe1+ 28. Kb2 Bxd5 29. exd5 Qb4+ 30. Rb3 Qd4+ 31. Rc3 Qb4+ 1/2-1/2

[Event "6. Hradec Kralove Open 2015"]
[Site "Hradec Kralove CZE"]
[Date "2015.10.10"]
[Round "8.3"]
[White "Navratil-Sen., Jiri"]
[Black "Burnett, Andrew"]
[Result "0-1"]
[WhiteElo "2054"]
[BlackElo "2228"]
[PlyCount "38"]
[EventDate "2015.10.04"]
[EventType "swiss"]
[EventRounds "9"]
[EventCountry "CZE"]
[Source "lmi"]
[SourceDate "2015.10.04"]

1. d4 Nf6 2. Nf3 c5 3. c3 d5 4. e3 Bg4 5. h3 Bxf3 6. Qxf3 e6 7. Nd2 Nc6 8. g3
Qb6 9. Be2 h5 10. b3 cxd4 11. exd4 Rc8 12. Bb2 Bd6 13. O-O h4 14. g4 Bb8 15.
Rfd1 Ne7 16. Bd3 Nh7 17. Re1 Ng5 18. Qe3 Bf4 19. Qe2 Bxd2 0-1

[Event "6. Hradec Kralove Open 2015"]
[Site "Hradec Kralove CZE"]
[Date "2015.10.10"]
[Round "8.4"]
[White "Gromczak, Dariusz"]
[Black "Bartos, Jan"]
[Result "0-1"]
[WhiteElo "2009"]
[BlackElo "2250"]
[PlyCount "98"]
[EventDate "2015.10.04"]
[EventType "swiss"]
[EventRounds "9"]
[EventCountry "CZE"]
[Source "lmi"]
[SourceDate "2015.10.04"]

1. e4 c5 2. Nc3 Nc6 3. Bb5 Nd4 4. Nge2 e6 5. Bc4 Nf6 6. e5 d5 7. exd6 Bxd6 8.
d3 O-O 9. Bg5 Be7 10. O-O b6 11. Ng3 Bb7 12. a4 a6 13. Re1 Qd7 14. Bxf6 Bxf6
15. Nce4 Be7 16. c3 Nc6 17. Nh5 Qd8 18. Qf3 g6 19. Nf4 Ne5 20. Nf6+ Bxf6 21.
Qxb7 Nxc4 22. dxc4 Qd2 23. Qf3 Qxb2 24. Ne2 Bg7 25. Reb1 Qc2 26. Rxb6 Rab8 27.
Rxb8 Rxb8 28. g3 Rb1+ 29. Rxb1 Qxb1+ 30. Kg2 Qa2 31. Qd3 Qxa4 32. g4 Qc6+ 33.
f3 Be5 34. Ng3 Qd6 35. Qxd6 Bxd6 36. Ne4 Be7 37. Nd2 a5 38. Kf2 f5 39. gxf5
exf5 40. Ke2 Kf7 41. Kd3 Ke6 42. Nb1 Ke5 43. Na3 Kf4 44. Ke2 Bf6 45. Nb5 Be5
46. Kf2 a4 47. Ke2 g5 48. Kf2 g4 49. fxg4 fxg4 0-1

[Event "6. Hradec Kralove Open 2015"]
[Site "Hradec Kralove CZE"]
[Date "2015.10.10"]
[Round "8.5"]
[White "Jiruse, Josef"]
[Black "Sucharda, David"]
[Result "0-1"]
[WhiteElo "2035"]
[BlackElo "1943"]
[PlyCount "52"]
[EventDate "2015.10.04"]
[EventType "swiss"]
[EventRounds "9"]
[EventCountry "CZE"]
[Source "lmi"]
[SourceDate "2015.10.04"]

1. e4 e6 2. d3 d5 3. Nd2 Nf6 4. g3 b6 5. Bg2 Bb7 6. e5 Nfd7 7. f4 Be7 8. Ngf3
c5 9. c3 Nc6 10. a3 a5 11. b3 O-O 12. O-O b5 13. d4 Qb6 14. Bb2 b4 15. axb4
axb4 16. c4 Na5 17. Rf2 Rfd8 18. cxd5 Bxd5 19. Bf1 Rac8 20. Nc4 Nxc4 21. bxc4
Bxf3 22. Rxf3 cxd4 23. Bxd4 Bc5 24. Rd3 Nxe5 25. fxe5 Bxd4+ 26. Kh1 Bxa1 0-1

[Event "6. Hradec Kralove Open 2015"]
[Site "Hradec Kralove CZE"]
[Date "2015.10.10"]
[Round "8.6"]
[White "Kabelka, Ondrej"]
[Black "Kuba, Stanislav"]
[Result "0-1"]
[WhiteElo "1873"]
[BlackElo "2148"]
[PlyCount "82"]
[EventDate "2015.10.04"]
[EventType "swiss"]
[EventRounds "9"]
[EventCountry "CZE"]
[Source "lmi"]
[SourceDate "2015.10.04"]

1. d4 Nf6 2. c4 g6 3. Nc3 Bg7 4. Nf3 d6 5. g3 c6 6. Bg2 O-O 7. O-O a6 8. a4 a5
9. h3 Na6 10. Be3 h6 11. Nd2 e5 12. Kh2 Kh7 13. d5 Nb4 14. Rc1 c5 15. f3 Nh5
16. Bf2 b6 17. Nb5 f5 18. Nb1 Qe7 19. e4 Bd7 20. N1c3 Rf7 21. Qe2 Raf8 22. b3
Nf6 23. Be1 h5 24. Bd2 Ne8 25. Be1 Bh6 26. Rd1 h4 27. Kh1 hxg3 28. Bxg3 f4 29.
Bf2 Bg5 30. Rd2 Rh8 31. Kh2 Kg8 32. Rh1 Rfh7 33. Kg1 Bxh3 34. Rd1 Bd7 35. Rxh7
Qxh7 36. Kf1 Qh2 37. Bg1 Qh5 38. Ke1 Bh4+ 39. Kd2 Qg5 40. Rf1 Kf8 41. Kc1 Ke7
0-1

[Event "6. Hradec Kralove Open 2015"]
[Site "Hradec Kralove CZE"]
[Date "2015.10.10"]
[Round "8.7"]
[White "Nemec, Otakar"]
[Black "Vit, Jakub"]
[Result "1/2-1/2"]
[WhiteElo "1922"]
[BlackElo "1705"]
[PlyCount "38"]
[EventDate "2015.10.04"]
[EventType "swiss"]
[EventRounds "9"]
[EventCountry "CZE"]
[Source "lmi"]
[SourceDate "2015.10.04"]

1. e4 c5 2. c3 d5 3. exd5 Qxd5 4. d4 cxd4 5. cxd4 Nf6 6. Nf3 e6 7. Nc3 Qd8 8.
Bc4 Be7 9. O-O O-O 10. Be3 Nc6 11. a3 b6 12. Rc1 Bb7 13. Qe2 Rc8 14. Rfd1 Nd5
15. Nxd5 exd5 16. Ba2 Bf6 17. Qd2 Re8 18. Re1 Na5 19. Qd3 Rxc1 1/2-1/2

[Event "6. Hradec Kralove Open 2015"]
[Site "Hradec Kralove CZE"]
[Date "2015.10.10"]
[Round "8.8"]
[White "Dumkova, Daniela"]
[Black "Seibt, Sascha"]
[Result "0-1"]
[WhiteElo "1906"]
[BlackElo "1789"]
[PlyCount "70"]
[EventDate "2015.10.04"]
[EventType "swiss"]
[EventRounds "9"]
[EventCountry "CZE"]
[Source "lmi"]
[SourceDate "2015.10.04"]

1. d4 Nf6 2. c4 c5 3. dxc5 e6 4. g3 Bxc5 5. Bg2 Ng4 6. e3 Ne5 7. b3 Qf6 8. Nc3
Ng4 9. Qc2 Nxf2 10. Bd2 Nxh1 11. Bxh1 Nc6 12. Nf3 Nb4 13. Qb1 Bxe3 14. a3 Bxd2+
15. Kxd2 Qh6+ 16. Ke2 Nc6 17. Qd3 O-O 18. h4 Qg6 19. Ne4 d5 20. cxd5 exd5 21.
Qxd5 Re8 22. Nfd2 Be6 23. Qc5 b6 24. Qc3 Rad8 25. Kf2 Nd4 26. Re1 Bg4 27. Ng5
Qf5+ 28. Ngf3 Rxe1 29. Kxe1 Bxf3 30. Bxf3 Qe5+ 31. Kf1 g6 32. Ne4 Qf5 33. Kg2
Qxf3+ 34. Qxf3 Nxf3 35. Kxf3 Rd3+ 0-1

[Event "6. Hradec Kralove Open 2015"]
[Site "Hradec Kralove CZE"]
[Date "2015.10.10"]
[Round "8.9"]
[White "Majerik, Vladimir"]
[Black "Baraniuk, Andrej"]
[Result "1-0"]
[WhiteElo "1847"]
[BlackElo "1579"]
[PlyCount "41"]
[EventDate "2015.10.04"]
[EventType "swiss"]
[EventRounds "9"]
[EventCountry "CZE"]
[Source "lmi"]
[SourceDate "2015.10.04"]

1. d4 d5 2. Nf3 Nf6 3. c3 c6 4. Bf4 Nbd7 5. Nbd2 Qb6 6. Qc2 e6 7. e3 Be7 8. Bd3
c5 9. O-O Bd6 10. Bxd6 Qxd6 11. e4 dxe4 12. Nxe4 Nxe4 13. Bxe4 Nf6 14. dxc5
Qxc5 15. Nd2 Nxe4 16. Nxe4 Qe7 17. Rad1 O-O 18. Qd3 b6 19. Qb5 Rd8 20. Qg5 Kf8
21. Rxd8+ 1-0

[Event "6. Hradec Kralove Open 2015"]
[Site "Hradec Kralove CZE"]
[Date "2015.10.10"]
[Round "8.10"]
[White "Pribyl, Viktor"]
[Black "Vorel, Bohuslav"]
[Result "1-0"]
[WhiteElo "1833"]
[BlackElo "1686"]
[PlyCount "53"]
[EventDate "2015.10.04"]
[EventType "swiss"]
[EventRounds "9"]
[EventCountry "CZE"]
[Source "lmi"]
[SourceDate "2015.10.04"]

1. d4 Nf6 2. Bf4 d6 3. e3 g6 4. Nf3 Bg7 5. h3 O-O 6. Be2 b6 7. O-O Bb7 8. c4
Nbd7 9. Nc3 a6 10. Qc2 c6 11. b4 c5 12. bxc5 bxc5 13. Rab1 Rb8 14. Rfd1 cxd4
15. exd4 Qa5 16. Nd2 e5 17. dxe5 dxe5 18. Be3 Rfc8 19. Ba7 Qc7 20. Bxb8 Nxb8
21. Qb3 Ba8 22. Nd5 Nxd5 23. cxd5 Nd7 24. Bxa6 Rb8 25. Qc4 Qxc4 26. Rxb8+ Nxb8
27. Bxc4 1-0